|
|
|
|
| LEADER |
00993nam a22002414a 4500 |
| 001 |
AAL9666 |
| 003 |
BD-DhAAL |
| 005 |
20180716112401.0 |
| 008 |
180716m20121992 a b 001 0 en |
| 999 |
|
|
|c 39790
|d 39790
|
| 010 |
|
|
|a 2004043151
|
| 020 |
|
|
|a 9847020500254
|
| 040 |
|
|
|a BD-DhAAL
|c BD-DhAAL
|
| 082 |
0 |
0 |
|a 306.3/42
|2 22
|
| 100 |
|
|
|a খান, বদরুল আলম
|9 27370
|
| 245 |
0 |
4 |
|a পুজিবাদের সমাজতত্ত্ব /
|c বদরুল আলম খান
|
| 260 |
|
|
|a ঢাকা :
|b নভেল পাবলিশিং,
|c ২০১২
|
| 300 |
|
|
|a ৪৬৩ পৃ. ;
|c ২২ সে.মি.
|
| 650 |
|
0 |
|a Capitalism
|x Social aspects.
|9 27371
|
| 650 |
|
0 |
|a Economics
|x Sociological aspects.
|9 27372
|
| 852 |
|
|
|a Savar Campus Library
|c General Shelf
|
| 942 |
|
|
|2 ddc
|c BK
|
| 952 |
|
|
|0 0
|1 0
|2 ddc
|4 0
|6 306_300000000000000_42_KHA
|7 0
|9 63821
|a SCL
|b SCL
|c GEN
|d 2018-07-16
|e Development Book Agency
|g 297.00
|l 0
|o 306.342 KHA
|p 3020009666
|r 2018-07-16
|t 1
|w 2018-07-16
|y BK
|